000 011530000a22001810004500
020 _aDonación
041 0 _aEng.
090 _aAV 0286
100 1 _aMiller, William McElwee
245 1 0 _aBeliefs and practices of christians : a letter to a friend / William McElwee Miller, Fellowship of Faith for the Muslims
260 _aToronto : Fellowship of Faith for the Muslims
300 _a45 p.
505 0 0 _a¿Quién es Dios? -- ¿quién es el hombre? -- ¿qué es el pecado? -- ¿crees en profetas y ángeles? -- ¿cuáles de los libros sagrados aceptan los cristianos? -- Jesús: el mesías -- ¿qué necesitamos hacer para recibir el perdón de Dios? -- ¿quién es el Espíritu Santo? -- ¿qué significa la Trinidad? -- ¿qué es la iglesia -- ¿cuáles son los deberes y prácticas de los cristianos? -- ¿cuáles son las enseñas éticas del cristianismo -- ¿qué creen los cristianos acerca del futuro?
520 _aEscrito como una carta de parte de un cristianoa un amigo musulman, para explicar sus creencias y prácticas.
650 1 4 _aCIVILIZACION ISLAMICA \ MAHOMETANOS \ EVANGELIZACION \ APOLOGETICA
001 17238
942 _cBK
999 _c43902
_d43902